000 00587nam a2200205 a 4500
001 8567
003 CO-ViMGA
008 141112s2004 ck r 000 u spa d
020 _a9589004105
040 _aCO-ViMGA
_bspa
_cCO-ViMGA
082 0 4 _a929.386 L64n
100 1 _aLohmaznn V, Guillermo
_98421
245 1 0 _aNeogranadinos en las ordenes nobiliarias
260 _aBogotá :
_bInstituto Colombiano de Cultura Hispanica,
_c1990
300 _a156
650 1 4 _aBIOGRAFIAS
650 1 4 _aCOLOMBIA - GENEALOGIA
_98422
650 1 4 _aORDENES RELIGIOSAS MILITARES
_98423
942 _2ddc
_cBK
999 _c20210
_d20210